| 000 | 00522nam a2200145 4500 | ||
|---|---|---|---|
| 082 | _aMS-CSE-2 UMA | ||
| 100 |
_aUmair Rashid _9106082 |
||
| 245 | _aMovility and Energy Aware AODV(MEAODV) Routing Protocol for Mobile AD-hoc Networks | ||
| 260 |
_aIslamabad _bNust School of Electrical Engineering and Computer Science |
||
| 300 |
_a38 P _eCD-ROM |
||
| 500 | _aSupervisor :Dr.Adnan Khalid Kiani | ||
| 700 |
_aUmair Rashid _9106082 |
||
| 856 | _uhttp://10.250.8.41:8080/xmlui/handle/123456789/31889 | ||
| 942 |
_cPR _2ddc |
||
| 999 |
_c12259 _d12259 |
||